'Idul Fithri dan zakat fithrah. (Record no. 88139)

MARC details
000 -LEADER
fixed length control field 00634cam a22002411 4500
001 - CONTROL NUMBER
control field sa 68018046
003 - CONTROL NUMBER IDENTIFIER
control field DLC
005 - DATE AND TIME OF LATEST TRANSACTION
control field 20260227112708.0
008 - FIXED-LENGTH DATA ELEMENTS--GENERAL INFORMATION
fixed length control field 730924s1964 xx 000 0 ind
010 ## - LIBRARY OF CONGRESS CONTROL NUMBER
LC control number sa 68018046
035 ## - SYSTEM CONTROL NUMBER
System control number (OCoLC)697620
040 ## - CATALOGING SOURCE
Original cataloging agency DLC
Transcribing agency OAU
Modifying agency DLC
042 ## - AUTHENTICATION CODE
Authentication code premarc
050 00 - LIBRARY OF CONGRESS CALL NUMBER
Classification number BP186.45
Item number .I5
110 1# - MAIN ENTRY--CORPORATE NAME
Corporate name or jurisdiction name as entry element Indonesia.
Subordinate unit Angkatan Darat.
-- Pusat Rawatan Rohani Islam.
245 10 - TITLE STATEMENT
Title 'Idul Fithri dan zakat fithrah.
260 ## - PUBLICATION, DISTRIBUTION, ETC.
Place of publication, distribution, etc. [Djakarta,
Date of publication, distribution, etc. 1964?]
300 ## - PHYSICAL DESCRIPTION
Extent 19 p.
Dimensions 15 cm.
500 ## - GENERAL NOTE
General note "Seri ke III tahun 1964."
500 ## - GENERAL NOTE
General note Cover title.
650 #0 - SUBJECT ADDED ENTRY--TOPICAL TERM
Topical term or geographic name entry element Zakat.
650 #0 - SUBJECT ADDED ENTRY--TOPICAL TERM
Topical term or geographic name entry element ʻĪd al-Fiṭr.

No items available.

Powered by Koha